[Event "Superettan(Limhamn II-Orebro)"]
[Site "?"]
[Date "2014.11.21"]
[Round "1"]
[White "Holst, Conny"]
[Black "Zetterberg, Staffan"]
[Result "1-0"]
[WhiteElo "2191"]
[BlackElo "2200"]
[PlyCount "51"]

1. d4 Nf6 2. c4 c5 3. d5 b5 4. a4 bxc4 5. Nc3 d6 6. e4 g6 7. f4 Bg7 8. Nf3 O-O
9. Bxc4 Ba6 10. Bb5 Qa5 11. Bd2 Ne8 12. O-O Nc7 13. Qe1 Qb6 14. Qh4 Bxb5 15.
axb5 Nd7 16. f5 Nf6 17. Bh6 c4+ 18. Kh1 Nxb5 19. fxg6 Nxc3 20. bxc3 Qb2 21.
gxf7+ Rxf7 22. Ng5 Bxh6 23. Nxf7 Kxf7 24. Qxh6 Rg8 25. Qxh7+ Rg7 26. Rxf6+ 1-0

[Event "Superettan(Limhamn II-Orebro)"]
[Site "?"]
[Date "2014.11.21"]
[Round "1"]
[White "Drugge, Patrick"]
[Black "Nylen, Anders"]
[Result "1-0"]
[WhiteElo "2175"]
[BlackElo "2096"]
[PlyCount "97"]

1. e4 c5 2. Nc3 d6 3. g3 Nc6 4. Bg2 g6 5. d3 Bg7 6. f4 e6 7. Nf3 Nge7 8. O-O
O-O 9. Be3 Nd4 10. e5 Nec6 11. Ne4 dxe5 12. fxe5 Nxe5 13. Nxe5 Bxe5 14. c3 Nc6
15. Bxc5 Re8 16. d4 f5 17. dxe5 fxe4 18. Bd6 Qg5 19. Qa4 Bd7 20. Qxe4 Nd8 21.
Qf4 Qxf4 22. Rxf4 Bc6 23. Raf1 Rc8 24. Rf8+ Kg7 25. Bxc6 Nxc6 26. R8f7+ Kg8 27.
Rxb7 Na5 28. Rxa7 Nc4 29. Rff7 Nxd6 30. exd6 Red8 31. Rg7+ Kh8 32. Rxh7+ Kg8
33. Rag7+ Kf8 34. Rc7 Kg8 35. Rxc8 Rxc8 36. Rc7 Rd8 37. d7 Kf7 38. Kf2 Ke7 39.
a4 Kd6 40. Rc4 e5 41. Rg4 Kxd7 42. Ke3 Rb8 43. b4 Rb6 44. a5 Rc6 45. c4 Ke7 46.
b5 Re6 47. c5 Kf6 48. a6 Kf5 49. Ra4 1-0

[Event "Superettan(Limhamn II-Orebro)"]
[Site "?"]
[Date "2014.11.21"]
[Round "1"]
[White "Ollen, Martin"]
[Black "Blomstrom, Lars"]
[Result "1/2-1/2"]
[WhiteElo "1927"]
[BlackElo "2147"]
[PlyCount "62"]

1. e4 e5 2. Nf3 Nc6 3. Bb5 a6 4. Ba4 Nf6 5. Qe2 d6 6. c3 Be7 7. d3 O-O 8. Nbd2
b5 9. Bb3 Be6 10. Bc2 h6 11. Nf1 Re8 12. Ng3 d5 13. O-O dxe4 14. Nxe4 Nd5 15.
Rd1 f5 16. d4 exd4 17. Ng3 Bf6 18. cxd4 Ndb4 19. Be3 Nxc2 20. Qxc2 Nb4 21. Qb1
Nd5 22. Nxf5 Bxf5 23. Qxf5 Nxe3 24. fxe3 Rxe3 25. Kf2 Re7 26. Rac1 Qd6 27. Qc5
Rd8 28. Rc2 Qf4 29. d5 Red7 30. Re2 Qf5 31. Red2 Qf4 1/2-1/2

[Event "Superettan(Limhamn II-Orebro)"]
[Site "?"]
[Date "2014.11.21"]
[Round "1"]
[White "Jonsson, Krister"]
[Black "Nurmi, Tommy"]
[Result "1/2-1/2"]
[WhiteElo "2095"]
[BlackElo "2061"]
[PlyCount "56"]

1. d4 Nf6 2. c4 c5 3. d5 e5 4. Nc3 d6 5. e4 Be7 6. Bd3 O-O 7. h3 Ne8 8. g4 Bg5
9. Nf3 Bxc1 10. Qxc1 Na6 11. a3 Nac7 12. Qe3 Bd7 13. b4 b6 14. Kf1 g6 15. Rb1
Qe7 16. Qh6 f6 17. Nh4 Qg7 18. Qxg7+ Nxg7 19. Rg1 Kf7 20. Kg2 Rh8 21. Nf3 g5
22. Kg3 h5 23. Rh1 Rh6 24. Rh2 Rah8 25. b5 hxg4 26. hxg4 Rxh2 27. Nxh2 Rb8 28.
a4 a5 1/2-1/2

[Event "Superettan(Limhamn II-Orebro)"]
[Site "?"]
[Date "2014.11.21"]
[Round "1"]
[White "Karlsson, Ulf"]
[Black "Sundelius, Per"]
[Result "1/2-1/2"]
[WhiteElo "2013"]
[BlackElo "2063"]
[PlyCount "99"]

1. e4 e6 2. d3 d5 3. Nd2 c5 4. g3 Nc6 5. Bg2 b6 6. Ngf3 Bd6 7. O-O Nge7 8. Re1
f6 9. c3 O-O 10. Nf1 Qc7 11. Ne3 d4 12. cxd4 cxd4 13. Nc4 e5 14. Bd2 Be6 15.
Rc1 Rfc8 16. Nh4 Qd7 17. f4 b5 18. Nxd6 Qxd6 19. a3 b4 20. fxe5 fxe5 21. Nf5
Qd7 22. axb4 Rab8 23. Qa4 g6 24. Nxe7+ Nxe7 25. Qxd7 Bxd7 26. Rxc8+ Rxc8 27.
Rc1 Kf7 28. Kf2 Rxc1 29. Bxc1 Bb5 30. Bf1 Nc6 31. Bd2 Ke7 32. Ke2 Kf6 33. Kd1
Nd8 34. Ke2 Ne6 35. h4 Ba6 36. Kf3 Bb5 37. Ke2 Ba6 38. Bc1 g5 39. hxg5+ Nxg5
40. Bxg5+ Kxg5 41. Bh3 Bb5 42. Be6 Be8 43. b3 Bh5+ 44. Kf2 Bg4 45. Bc4 h6 46.
Bd5 Bd7 47. Bc4 Kg4 48. Bd5 h5 49. Bc4 Kh3 50. Bd5 1/2-1/2

[Event "Superettan(Upsala-Burgsvik)"]
[Site "?"]
[Date "2014.11.21"]
[Round "1"]
[White "Fries Nielsen, Jens Ove"]
[Black "Andersson, Fredrik"]
[Result "1-0"]
[WhiteElo "2424"]
[BlackElo "2289"]
[PlyCount "45"]

1. e4 e6 2. b3 d5 3. e5 c5 4. f4 Nc6 5. Nf3 Nge7 6. c3 a6 7. Bd3 b5 8. O-O g6
9. Bc2 Bg7 10. d4 cxd4 11. cxd4 Qb6 12. Nc3 Qa7 13. Be3 Bd7 14. Bf2 Rc8 15. Qd2
O-O 16. Rac1 Rc7 17. Bh4 Rfc8 18. Bb1 Be8 19. g4 Bh6 20. Ne2 Qb6 21. Bf6 Kf8
22. Kh1 Qa5 23. Bxe7+ 1-0

[Event "Superettan(Upsala-Burgsvik)"]
[Site "?"]
[Date "2014.11.21"]
[Round "1"]
[White "Johansson, Jan"]
[Black "Fries Nielsen, Niels J"]
[Result "1-0"]
[WhiteElo "2370"]
[BlackElo "2327"]
[PlyCount "63"]

1. d4 Nf6 2. Nf3 c5 3. d5 d6 4. Nc3 Bf5 5. Nd2 a6 6. a4 e6 7. e4 Bg6 8. Be2 e5
9. O-O h5 10. Re1 Nbd7 11. Bf1 Be7 12. a5 Kf8 13. Nc4 Ne8 14. Ra3 Rb8 15. Rb3
Kg8 16. Na4 h4 17. Nab6 Ndf6 18. Bd3 Nh5 19. f4 exf4 20. e5 Bxd3 21. Rxd3 dxe5
22. Rxe5 g6 23. d6 Bf6 24. Rxc5 Neg7 25. d7 Kh7 26. Rc8 Qe7 27. Nd5 Qe6 28.
Nxf6+ Nxf6 29. Rd6 Qe4 30. Rxf6 Rbxc8 31. dxc8=Q Rxc8 32. Rxf4 1-0

[Event "Superettan(Upsala-Burgsvik)"]
[Site "?"]
[Date "2014.11.21"]
[Round "1"]
[White "Andersson, Tommy"]
[Black "Malm Lindberg, Henrik"]
[Result "1-0"]
[WhiteElo "2346"]
[BlackElo "2240"]
[PlyCount "87"]

1. d4 Nf6 2. Nf3 e6 3. g3 b6 4. Bg2 Bb7 5. O-O c5 6. c4 cxd4 7. Qxd4 Be7 8. Nc3
O-O 9. e4 d6 10. Rd1 a6 11. b3 Nbd7 12. Bb2 Qc7 13. Qe3 Rfe8 14. Rac1 Rac8 15.
h3 Qb8 16. Ba3 Ba8 17. Ne1 b5 18. cxb5 axb5 19. Bb4 Ne5 20. Ne2 Nc6 21. Bc3 Bb7
22. Ba1 Red8 23. Nc3 Ba8 24. Qe2 b4 25. Na4 Ne5 26. f4 Nc6 27. Kh2 h6 28. Nf3
d5 29. exd5 Nxd5 30. Rc4 Bb7 31. Re4 Nf6 32. Re3 Rxd1 33. Qxd1 Qa7 34. Re2 Nd5
35. Qe1 Rd8 36. Re4 Ba8 37. Nd2 Qb8 38. Nc4 Qa7 39. Re2 Kf8 40. Qf1 Kg8 41. f5
exf5 42. Qxf5 Nf6 43. Nab6 Bb7 44. Qb5 1-0

[Event "Superettan(Upsala-Burgsvik)"]
[Site "?"]
[Date "2014.11.21"]
[Round "1"]
[White "Glimbrant, Torbjorn"]
[Black "Zadruzny, Nicolaj"]
[Result "1/2-1/2"]
[WhiteElo "2254"]
[BlackElo "2238"]
[PlyCount "142"]

1. d4 e6 2. e4 d5 3. Nc3 dxe4 4. Nxe4 Bd7 5. Nf3 Bc6 6. Bd3 Nd7 7. O-O Ngf6 8.
Qe2 Be7 9. Rd1 Bxe4 10. Bxe4 Nxe4 11. Qxe4 c6 12. c4 O-O 13. Bf4 Re8 14. h3 Nf8
15. Ne5 Ng6 16. Nxg6 hxg6 17. Rd3 Bd6 18. Be5 Qe7 19. Bxd6 Qxd6 20. Qe5 Rad8
21. Rad1 Rd7 22. Qa5 b6 23. Qa4 Red8 24. b4 Qc7 25. Qb3 b5 26. a4 bxc4 27. Qxc4
Qb6 28. b5 cxb5 29. Qxb5 Rd5 30. Qxb6 axb6 31. Rb1 Rxd4 32. Rxd4 Rxd4 33. Rxb6
Rxa4 34. g3 g5 35. Rb5 g4 36. hxg4 Rxg4 37. Kg2 Kh7 38. Ra5 Rd4 39. Kf3 Kg6 40.
Rb5 Ra4 41. Rc5 Ra3+ 42. Kg2 Kf6 43. Rb5 g5 44. Rc5 Rd3 45. Ra5 Kg6 46. Ra6 Kf5
47. Ra4 f6 48. Rb4 Ke5 49. Ra4 Rd4 50. Ra5+ Ke4 51. Ra6 Kf5 52. Ra5+ e5 53. Ra6
e4 54. Ra5+ Kg4 55. Ra6 f5 56. Re6 Rd2 57. Re8 Re2 58. Re5 Ra2 59. Re8 Rd2 60.
Re5 Rc2 61. Re8 Re2 62. Re7 f4 63. Rxe4 Rxe4 64. f3+ Kf5 65. fxe4+ Kxe4 66.
gxf4 Kxf4 67. Kf2 g4 68. Kg2 g3 69. Kg1 Kf3 70. Kf1 g2+ 71. Kg1 Kg3 1/2-1/2

[Event "Superettan(Upsala-Burgsvik)"]
[Site "?"]
[Date "2014.11.21"]
[Round "1"]
[White "Andersson, Bjorn"]
[Black "Burwick, Malte"]
[Result "0-1"]
[WhiteElo "2233"]
[BlackElo "2228"]
[PlyCount "98"]

1. e4 g6 2. d4 Bg7 3. Nf3 d6 4. Nc3 a6 5. Be3 Nd7 6. a4 b6 7. Bc4 e6 8. Ng5 h6
9. Nf3 Ngf6 10. h3 Bb7 11. Qd3 d5 12. exd5 exd5 13. Ba2 O-O 14. Qd2 Re8 15. Kf1
Kh7 16. Re1 b5 17. h4 Ne4 18. Nxe4 dxe4 19. Ng1 Rf8 20. Nh3 Nb6 21. h5 g5 22.
c3 Nc4 23. Qc2 f5 24. b3 Nd6 25. Bc1 Rc8 26. Ba3 Qd7 27. Bc5 bxa4 28. bxa4 Bc6
29. Bb3 Rb8 30. Qa2 Rxb3 31. Bxd6 Rfb8 32. Bb4 Bd5 33. Qd2 Bf6 34. a5 c5 35.
Bxc5 Qb5+ 36. Kg1 Qxa5 37. Rc1 Rb2 38. Qe3 Qc7 39. g3 R8b3 40. Kh2 f4 41. gxf4
gxf4 42. Nxf4 Bg5 43. Kg3 Re2 44. Qxe2 Bxf4+ 45. Kg2 Qg7+ 46. Kf1 Bxc1 47. c4
Rb1 48. Qc2 Bd2+ 49. Qxb1 Bxc4+ 0-1

[Event "Superettan(Upsala-Burgsvik)"]
[Site "?"]
[Date "2014.11.21"]
[Round "1"]
[White "Thorgeirsson, Sverrir"]
[Black "Larsson, Victor"]
[Result "1-0"]
[WhiteElo "2237"]
[BlackElo "2143"]
[PlyCount "61"]

1. d4 d5 2. c4 e6 3. Nc3 Be7 4. cxd5 exd5 5. Qc2 c6 6. Nf3 g6 7. Bf4 Bf5 8. Qd2
Nd7 9. e3 Ngf6 10. Be2 Ne4 11. Nxe4 dxe4 12. Ne5 Nxe5 13. Bxe5 f6 14. Bg3 a5
15. O-O Be6 16. Qc2 Bd5 17. Bc4 O-O 18. Rfc1 Kg7 19. Qb3 Bxc4 20. Rxc4 Qd7 21.
Rac1 Rf7 22. d5 a4 23. Rxa4 Rxa4 24. dxc6 Qd2 25. Rd1 Rb4 26. Rxd2 Rxb3 27. c7
Rd3 28. Rxd3 exd3 29. c8=Q Bb4 30. Kf1 b5 31. Qc6 1-0

[Event "Superettan(Upsala-Burgsvik)"]
[Site "?"]
[Date "2014.11.21"]
[Round "1"]
[White "Linusson, Pelle"]
[Black "Johansson, Thomas"]
[Result "1/2-1/2"]
[WhiteElo "2209"]
[BlackElo "2201"]
[PlyCount "95"]

1. Nf3 d5 2. c4 d4 3. b4 f6 4. e3 dxe3 5. fxe3 Nh6 6. d4 e5 7. a3 a5 8. b5 Be6
9. Nc3 Nd7 10. Bd3 Be7 11. Qc2 f5 12. Nxe5 Nxe5 13. dxe5 Bc5 14. O-O O-O 15.
Nd5 c6 16. bxc6 bxc6 17. Nf4 Qe7 18. Kh1 Bd7 19. Bb2 Ng4 20. e6 Nxe3 21. Qc3
Be8 22. Rf3 Ng4 23. h3 Nf2+ 24. Kh2 Rd8 25. Qc2 Nxd3 26. Rxd3 Rxd3 27. Qxd3 Bd6
28. g3 Bxf4 29. gxf4 Qxe6 30. Rg1 Bg6 31. Qc3 Rf7 32. Re1 Qd7 33. Qxa5 h6 34.
Qc3 Kh7 35. Re2 Bh5 36. Rg2 Qc7 37. Qe5 Qxe5 38. Bxe5 Bf3 39. Rb2 h5 40. a4 Rd7
41. Kg3 Be4 42. Kf2 h4 43. c5 Rd3 44. Rb7 Rxh3 45. Rxg7+ Kh6 46. Rg8 Rf3+ 47.
Kg1 h3 48. Rh8+ 1/2-1/2

[Event "Superettan(Upsala-Burgsvik)"]
[Site "?"]
[Date "2014.11.21"]
[Round "1"]
[White "Marttala, Thomas"]
[Black "Packalen, Marcus"]
[Result "0-1"]
[WhiteElo "2161"]
[BlackElo "2142"]
[PlyCount "42"]

1. e4 b6 2. d4 Bb7 3. Nc3 e6 4. a3 Nf6 5. Bg5 h6 6. Bxf6 Qxf6 7. Nf3 g5 8. Be2
d6 9. O-O Nd7 10. a4 a6 11. d5 Bg7 12. Ra3 O-O 13. Re1 Rfe8 14. Bf1 exd5 15.
exd5 Rxe1 16. Qxe1 Kf8 17. Qe4 a5 18. Nb5 Nc5 19. Qc4 Ba6 20. Nfd4 Re8 21. Rf3
Qxd4 0-1

[Event "Superettan(Burgsvik-Vaxjo)"]
[Site "?"]
[Date "2014.11.22"]
[Round "2"]
[White "Aabling-Thomsen, Jakob"]
[Black "Fries Nielsen, Jens Ove"]
[Result "1-0"]
[WhiteElo "2321"]
[BlackElo "2424"]
[PlyCount "99"]
[SourceDate "2014.12.08"]

1. e4 g6 2. d4 Bg7 3. Nc3 Nc6 4. Be3 d6 5. Qd2 a6 6. f3 b5 7. h4 h6 8. Nge2 Bd7
9. g4 e6 10. Bg2 Rb8 11. Nd1 b4 12. Nf2 Rb5 13. Rd1 Ra5 14. Nc1 Nge7 15. c4
bxc3 16. bxc3 Nc8 17. Bf1 Nb6 18. f4 Ra4 19. h5 gxh5 20. Rxh5 f5 21. gxf5 exf5
22. e5 Be6 23. Qc2 Ne7 24. Rh3 Ned5 25. Bd2 Bd7 26. c4 Nb4 27. Qb3 c5 28. Bxb4
Rxb4 29. Qg3 Qe7 30. Qg6+ Qf7 31. Qxd6 Bf8 32. Qc7 cxd4 33. Be2 h5 34. Rxd4 Rb1
35. Nfd3 Qg7 36. Qb8+ Bc8 37. Kf2 h4 38. Bf3 Rh6 39. c5 Rxc1 40. Nxc1 Bxc5 41.
Nb3 Qd7 42. Ke3 Bxd4+ 43. Nxd4 Qa4 44. Qc7 Qa3+ 45. Kf2 Qxa2+ 46. Be2 Qd5 47.
Rd3 Qd7 48. Qc2 h3 49. e6 Qa4 50. Qc7 1-0

[Event "Superettan(Burgsvik-Vaxjo)"]
[Site "?"]
[Date "2014.11.22"]
[Round "2"]
[White "Andersson, Tommy"]
[Black "Carstensen, Jacob"]
[Result "1-0"]
[WhiteElo "2346"]
[BlackElo "2459"]
[PlyCount "89"]

1. d4 Nf6 2. c4 e6 3. g3 d5 4. Nf3 dxc4 5. Qa4+ Nbd7 6. Bg2 a6 7. Nc3 Be7 8.
Ne5 O-O 9. Qxc4 Nxe5 10. dxe5 Nd7 11. Bf4 g5 12. Be3 Nxe5 13. Qe4 Ng6 14. Rd1
Bd6 15. Qg4 f6 16. Qh5 Qe8 17. Be4 Qf7 18. Qf3 f5 19. Bxb7 Bxb7 20. Qxb7 f4 21.
gxf4 Rab8 22. Qc6 gxf4 23. Bc1 Be5 24. Qxa6 f3 25. e3 Nh4 26. Qc4 Ng2+ 27. Kd2
Qg6 28. e4 c5 29. Kc2 Rb4 30. Qxc5 Bxc3 31. Qxc3 Rxe4 32. Kb1 Re2+ 33. Ka1 Rxf2
34. Rd3 Nh4 35. Qc4 Nf5 36. h4 Re8 37. h5 Qf7 38. Qc6 Ne7 39. Rg1+ Ng6 40. hxg6
hxg6 41. Rd4 Rb8 42. Rdg4 Rfxb2 43. Bxb2 f2 44. Rxg6+ Kh7 45. Qh1# 1-0

[Event "Superettan(Burgsvik-Vaxjo)"]
[Site "?"]
[Date "2014.11.22"]
[Round "2"]
[White "Olofsson-Dolk, Mattis"]
[Black "Zadruzny, Nicolaj"]
[Result "1-0"]
[WhiteElo "2222"]
[BlackElo "2238"]
[PlyCount "73"]
[EventDate "2014.??.??"]

1. e4 c5 2. Nf3 Nc6 3. d4 cxd4 4. Nxd4 g6 5. Nc3 Bg7 6. Be3 Nf6 7. Bc4 O-O 8.
Bb3 a5 9. O-O d6 10. Ndb5 Bd7 11. a4 Nb4 12. f3 Bc6 13. Qe2 Nd7 14. Rad1 b6 15.
Bd5 Nxd5 16. exd5 Bxb5 17. Nxb5 Nc5 18. b3 Qd7 19. Bd4 Bxd4+ 20. Rxd4 Rfe8 21.
Qd2 Rad8 22. Qh6 e5 23. Rh4 f5 24. Nxd6 Re7 25. Nc4 Qxd5 26. Nxb6 Qe6 27. Nc4
e4 28. fxe4 Nxe4 29. Rh3 Qf6 30. Re3 Qd4 31. Qf4 Qc5 32. Kh1 g5 33. Qf3 Nd2 34.
Qg3 f4 35. Rxf4 Ne4 36. Rfxe4 Qxe3 37. Nxe3 1-0

[Event "Superettan(Burgsvik-Vaxjo)"]
[Site "?"]
[Date "2014.11.22"]
[Round "2"]
[White "Andersson, Bjorn"]
[Black "Rydstrom, Tom"]
[Result "0-1"]
[WhiteElo "2233"]
[BlackElo "2225"]
[PlyCount "166"]

1. e4 e5 2. Nf3 Nc6 3. Bb5 a6 4. Ba4 Nf6 5. Qe2 b5 6. Bb3 Be7 7. c3 d6 8. d3
O-O 9. Nbd2 Na5 10. Bc2 c5 11. O-O g6 12. Rd1 Nh5 13. Nf1 Qc7 14. Bh6 Re8 15.
Ne3 Be6 16. d4 Bf8 17. Bxf8 Rxf8 18. Qd2 Rad8 19. Ng5 Nf4 20. g3 cxd4 21. cxd4
exd4 22. Nf5 d3 23. Nh6+ Kg7 24. Nxe6+ fxe6 25. gxf4 dxc2 26. Rdc1 Kxh6 27.
Rxc2 Nc4 28. Qc1 Qe7 29. b3 Nb6 30. Rc6 Rc8 31. a4 bxa4 32. bxa4 Qb7 33. Rxc8
Qxc8 34. Qe3 Nd7 35. Rc1 Qd8 36. Rc6 Nb8 37. Rb6 Qh4 38. Rb7 Qg4+ 39. Kf1 Qd1+
40. Kg2 Qg4+ 41. Kf1 Nc6 42. Rc7 Qd1+ 43. Kg2 Qg4+ 44. Kf1 Qxf4 45. Qxf4+ Rxf4
46. Rxc6 Rxe4 47. Rxa6 d5 48. a5 Kg5 49. Rd6 Kf5 50. a6 Ra4 51. Ke2 Ke5 52. Rd7
Rxa6 53. Rxh7 Kd4 54. Rh4+ Kc5 55. f4 d4 56. Rg4 Kd5 57. Rxg6 Ke4 58. Kd2 Ra2+
59. Kc1 Kf5 60. Rh6 Rf2 61. Kd1 Rxf4 62. Ke2 e5 63. Rh3 Rg4 64. Kd3 Ke6 65. Rh8
Rf4 66. Re8+ Kf5 67. Rf8+ Kg4 68. Rg8+ Kf3 69. Re8 Rf5 70. Rh8 Kf2 71. Re8 Rf3+
72. Kd2 Re3 73. h4 e4 74. h5 Rd3+ 75. Kc2 Rc3+ 76. Kd1 Ke3 77. Rg8 Rc7 78. Rg3+
Kf4 79. Rg6 e3 80. h6 d3 81. Rf6+ Ke5 82. Rf8 Kd4 83. Re8 e2+ 0-1

[Event "Superettan(Burgsvik-Vaxjo)"]
[Site "?"]
[Date "2014.11.22"]
[Round "2"]
[White "Alle, Ambjorn"]
[Black "Fries Nielsen, Niels J"]
[Result "0-1"]
[WhiteElo "2223"]
[BlackElo "2327"]
[PlyCount "130"]

1. c4 e5 2. Nc3 Nf6 3. Nf3 d6 4. d4 Nbd7 5. e4 Be7 6. Be2 O-O 7. O-O Re8 8. Re1
c6 9. Rb1 Bf8 10. Bf1 a5 11. d5 Nc5 12. Nd2 Bd7 13. h3 Qb8 14. Nb3 Nxb3 15.
axb3 h6 16. Bd3 Qd8 17. Bd2 g6 18. Kh2 Bg7 19. Ra1 Kh7 20. Re3 c5 21. g4 Ng8
22. Qf3 Rf8 23. Rg1 Bf6 24. Ree1 Bg5 25. Be3 Kg7 26. Ref1 Qf6 27. Qxf6+ Nxf6
28. Kg3 Bxe3 29. fxe3 Ne8 30. Ra1 Nc7 31. Ra2 b6 32. Rf1 Na6 33. Ra3 f6 34. Kf3
Nb4 35. Ke2 Rh8 36. Raa1 h5 37. Rh1 hxg4 38. hxg4 Bxg4+ 39. Kd2 Bd7 40. Be2
Rxh1 41. Rxh1 Na6 42. Bd3 Nc7 43. Ke2 Rb8 44. Kd2 Rh8 45. Rxh8 Kxh8 46. Ke2 Kg7
47. Kf3 Kh6 48. Kg3 Kg5 49. Bc2 Ne8 50. Bd1 f5 51. exf5 gxf5 52. Be2 Nc7 53.
Bd3 Na6 54. Bc2 Nb4 55. Bb1 Be8 56. Kf3 Kf6 57. Kg3 e4 58. Kf4 Bh5 59. Na4 Nd3+
60. Kg3 Bd1 61. Ba2 f4+ 62. exf4 e3 63. Nc3 e2 64. Nxe2 Bxe2 65. Bb1 Nb4 0-1

[Event "Superettan(Burgsvik-Vaxjo)"]
[Site "?"]
[Date "2014.11.22"]
[Round "2"]
[White "Larsson, Victor"]
[Black "Lindahl, Emil"]
[Result "1/2-1/2"]
[WhiteElo "2143"]
[BlackElo "2130"]
[PlyCount "56"]

1. d4 Nf6 2. c4 e6 3. Nf3 Bb4+ 4. Nbd2 O-O 5. g3 d5 6. Bg2 dxc4 7. Qc2 c5 8.
Qxc4 Nc6 9. dxc5 Qa5 10. a3 Bxc5 11. O-O Be7 12. b4 Nxb4 13. Nd4 Nbd5 14. N2b3
Qc3 15. Qxc3 Nxc3 16. Bd2 Ncd5 17. Rfb1 e5 18. e4 Nb6 19. Nf5 Bxf5 20. exf5 Nc4
21. Bb4 Bxb4 22. axb4 e4 23. Nc5 Nd6 24. Rd1 Rfd8 25. Re1 b6 26. Nxe4 Ndxe4 27.
Bxe4 Nxe4 28. Rxe4 a5 1/2-1/2

[Event "Superettan(Burgsvik-Vaxjo)"]
[Site "?"]
[Date "2014.11.22"]
[Round "2"]
[White "Moren, Bjorn"]
[Black "Linusson, Pelle"]
[Result "0-1"]
[WhiteElo "2090"]
[BlackElo "2209"]
[PlyCount "80"]

1. e4 c5 2. Nf3 e6 3. Nc3 a6 4. g3 b5 5. Bg2 Bb7 6. d3 d6 7. O-O Nf6 8. Ng5 h6
9. Nh3 Be7 10. f4 Nbd7 11. g4 b4 12. Na4 g6 13. a3 a5 14. c3 bxc3 15. Nxc3 Qb6
16. Kh1 Bc6 17. Qe2 Qb7 18. Bd2 a4 19. Rab1 e5 20. g5 Nh5 21. gxh6 exf4 22.
Nxf4 Rxh6 23. Kg1 Nxf4 24. Bxf4 Rh7 25. Nd5 Ne5 26. Qd1 Rb8 27. Qc2 Bxd5 28.
exd5 Qb3 29. Qxb3 Rxb3 30. Bxe5 dxe5 31. Rfd1 Rh4 32. Rd2 Rd4 33. Re1 Bd6 34.
Re3 f5 35. Rh3 c4 36. Rc2 cxd3 37. Rh8+ Kf7 38. Rd2 e4 39. Rh7+ Kf6 40. Rh4
Rxd5 0-1

[Event "Superettan(Burgsvik-Vaxjo)"]
[Site "?"]
[Date "2014.11.22"]
[Round "2"]
[White "Packalen, Marcus"]
[Black "Gutzmann, Tobias"]
[Result "1/2-1/2"]
[WhiteElo "2142"]
[BlackElo "2123"]
[PlyCount "42"]

1. c4 Nf6 2. Nc3 e6 3. e4 d5 4. exd5 exd5 5. cxd5 Nxd5 6. Bc4 Nb6 7. Bb3 Nc6 8.
Qf3 Qe7+ 9. Nge2 Be6 10. O-O Bxb3 11. axb3 O-O-O 12. d4 Kb8 13. Bf4 Qb4 14.
Rfc1 Qxb3 15. Bxc7+ Kxc7 16. d5 Rxd5 17. Qxf7+ Kb8 18. Nd4 Nd8 19. Qxf8 Rxf8
20. Nxb3 Rd3 21. Rd1 Rxd1+ 1/2-1/2

[Event "Superettan(Kamraterna-Rockaden,SthlmII)"]
[Site "?"]
[Date "2014.11.22"]
[Round "2"]
[White "Berovski, Krum"]
[Black "Andreasson, Ingvar"]
[Result "1-0"]
[WhiteElo "2314"]
[BlackElo "2350"]
[PlyCount "39"]
[SourceDate "2014.12.08"]

1. d4 Nf6 2. c4 g6 3. Nc3 Bg7 4. e4 d6 5. Nf3 O-O 6. Be2 c6 7. O-O a6 8. Re1
Nfd7 9. Bf1 b5 10. e5 dxe5 11. dxe5 Nc5 12. Be3 Nbd7 13. Nd4 Nxe5 14. Nxc6 Nxc6
15. Bxc5 b4 16. Nd5 Bxb2 17. Rb1 Ba3 18. Bb6 Qd7 19. Rxe7 Qf5 20. Rc7 1-0

[Event "Superettan(Kamraterna-Rockaden,SthlmII)"]
[Site "?"]
[Date "2014.11.22"]
[Round "2"]
[White "Aberg, Anton"]
[Black "Olund, Joar"]
[Result "1-0"]
[WhiteElo "2388"]
[BlackElo "2300"]
[PlyCount "77"]

1. d4 Nf6 2. Bg5 Ne4 3. Bf4 c5 4. d5 d6 5. f3 Nf6 6. e4 g6 7. Nc3 Bg7 8. Qd2 a6
9. a4 h5 10. h4 Nbd7 11. Nh3 Ne5 12. Ng5 Nfd7 13. Be2 Nb6 14. O-O Nbc4 15. Qc1
Bd7 16. Bg3 b5 17. Nd1 Nb6 18. a5 Nbc4 19. Be1 f6 20. Ne6 Bxe6 21. dxe6 Nc6 22.
Bd3 N4e5 23. Qd2 Nd4 24. f4 Ng4 25. Nf2 Nh6 26. f5 gxf5 27. exf5 d5 28. Nh3 c4
29. Bf2 Nc6 30. Be2 Ng4 31. Bxg4 hxg4 32. Nf4 d4 33. Ng6 Rh5 34. Qf4 Qd5 35.
Bg3 d3 36. c3 Rh7 37. Qxg4 O-O-O 38. Qf4 Ne5 39. Nxe7+ 1-0

[Event "Superettan(Kamraterna-Rockaden,SthlmII)"]
[Site "?"]
[Date "2014.11.22"]
[Round "2"]
[White "Kenneskog, Theodor"]
[Black "Hamark, Jesper"]
[Result "1/2-1/2"]
[WhiteElo "2289"]
[BlackElo "2352"]
[PlyCount "60"]

1. e4 d6 2. d4 Nf6 3. f3 c5 4. d5 e5 5. c4 Be7 6. Nc3 Nbd7 7. Be3 a6 8. Bd3 O-O
9. Nge2 Ne8 10. Qd2 Rb8 11. a3 g6 12. g4 Bh4+ 13. Ng3 Ng7 14. Ke2 Kh8 15. b4 b6
16. Rab1 Rb7 17. Rhg1 Nf6 18. Rb2 Ng8 19. bxc5 bxc5 20. Rxb7 Bxb7 21. Rb1 Bc8
22. Rb8 Qc7 23. Qb2 Bd8 24. Na4 Bd7 25. Rb7 Qc8 26. Rb8 Qc7 27. Rb7 Qc8 28. Rb8
Qc7 29. Rb7 Qc8 30. Rb8 Qc7 1/2-1/2

[Event "Superettan(Kamraterna-Rockaden,SthlmII)"]
[Site "?"]
[Date "2014.11.22"]
[Round "2"]
[White "Svensson, Bengt"]
[Black "Heden, Gustav"]
[Result "1-0"]
[WhiteElo "2350"]
[BlackElo "2060"]
[PlyCount "57"]

1. e4 c5 2. Nf3 Nc6 3. d4 cxd4 4. Nxd4 Nf6 5. Nc3 g6 6. Nde2 Bg7 7. g3 b5 8.
Bg2 O-O 9. O-O Rb8 10. a3 a5 11. h3 b4 12. axb4 axb4 13. Nd5 Nxd5 14. exd5 Ne5
15. Bf4 Qc7 16. b3 Bb7 17. Qd2 Rfc8 18. Rfc1 e6 19. Ra7 exd5 20. Qxb4 Qc5 21.
Qxc5 Rxc5 22. c4 d6 23. cxd5 Rb5 24. Nd4 Rb4 25. Bxe5 Bxe5 26. Nc6 Bxc6 27.
dxc6 Rc8 28. c7 Rxb3 29. Ra8 1-0

[Event "Superettan(Kamraterna-Rockaden,SthlmII)"]
[Site "?"]
[Date "2014.11.22"]
[Round "2"]
[White "Krzymowski, Alfred"]
[Black "Svenn, Gosta"]
[Result "0-1"]
[WhiteElo "2082"]
[BlackElo "2288"]
[PlyCount "122"]

1. e4 d5 2. exd5 Nf6 3. d4 Nxd5 4. c4 Nf6 5. Nc3 g6 6. h3 Bg7 7. Nf3 O-O 8. Be3
c6 9. Qd2 Bf5 10. Rd1 Na6 11. Be2 Ne4 12. Nxe4 Bxe4 13. Ng5 Bf5 14. Bg4 Qd7 15.
Bf3 Rad8 16. Ne4 Bxe4 17. Bxe4 Qe6 18. Bf3 Qxc4 19. Be2 Qd5 20. O-O Nc7 21. Qb4
Nb5 22. Qxe7 Nxd4 23. Bxd4 Bxd4 24. Qxb7 Rb8 25. Qa6 Rxb2 26. Bf3 Qc5 27. Qxc6
Rxa2 28. Qxc5 Bxc5 29. Rd7 Kg7 30. g4 Bb6 31. Kg2 Rd8 32. Rxd8 Bxd8 33. Re1 Kf6
34. Re2 Rxe2 35. Bxe2 Ke5 36. Ba6 Kd4 37. Kf3 g5 38. Ke2 Bc7 39. Kd2 f6 40. Ke2
Bd6 41. Kd2 Kc5 42. Kc3 h6 43. Kd3 Kb6 44. Bc8 a5 45. Kc4 a4 46. Bf5 a3 47. Bb1
Bc5 48. Ba2 Bxf2 49. Kd3 Kc5 50. Ke4 Kb4 51. Kd3 Bc5 52. Bg8 Be7 53. Bf7 f5 54.
gxf5 h5 55. Kc2 Bf6 56. Kb1 g4 57. Bxh5 gxh3 58. Ka2 h2 59. Bf3 Be7 60. Bg2 Kc3
61. f6 Bf8 0-1

[Event "Superettan(Kamraterna-Rockaden,SthlmII)"]
[Site "?"]
[Date "2014.11.22"]
[Round "2"]
[White "Mohammadi, Amir"]
[Black "Kyhle, Bo"]
[Result "1-0"]
[WhiteElo "2223"]
[BlackElo "2172"]
[PlyCount "59"]

1. e4 e6 2. d3 d5 3. Nd2 Nf6 4. e5 Nfd7 5. f4 c5 6. Ngf3 Nc6 7. g3 f6 8. Bh3
fxe5 9. Bxe6 exf4 10. Bxd5 Nf6 11. Qe2+ Be7 12. Bxc6+ bxc6 13. Ne4 Nd5 14. Ne5
O-O 15. Nxc6 Qc7 16. Nxe7+ Qxe7 17. Bxf4 Nxf4 18. gxf4 Rxf4 19. O-O-O Bg4 20.
Qe3 Raf8 21. Rde1 c4 22. Rhg1 cxd3 23. cxd3 Rf3 24. Qg5 Qc7+ 25. Kb1 Be6 26.
Nc5 Bf5 27. Re7 Bxd3+ 28. Nxd3 Rf1+ 29. Rxf1 Rxf1+ 30. Ne1 1-0

[Event "Superettan(Kamraterna-Rockaden,SthlmII)"]
[Site "?"]
[Date "2014.11.22"]
[Round "2"]
[White "Tuomainen, Felix"]
[Black "Borvander, Tom"]
[Result "0-1"]
[WhiteElo "1947"]
[BlackElo "2189"]
[PlyCount "106"]

1. d4 Nf6 2. c4 g6 3. Nc3 Bg7 4. e4 d6 5. f4 O-O 6. Nf3 c5 7. d5 e6 8. dxe6
Bxe6 9. Bd3 Bg4 10. O-O Nc6 11. h3 Bxf3 12. Qxf3 a6 13. Be3 Rb8 14. Rad1 Nd7
15. Qf2 Bd4 16. Nd5 f6 17. f5 g5 18. a3 Nde5 19. b4 Re8 20. Rfe1 Kg7 21. Bf1
Bxe3 22. Rxe3 Nd4 23. a4 b6 24. Qb2 a5 25. b5 Rb7 26. Qc3 Kh8 27. Rg3 Rg7 28.
Qd2 Nd7 29. Re1 Reg8 30. Qd1 Qe8 31. Rge3 Qe5 32. g4 h5 33. Be2 hxg4 34. Bxg4
Rh7 35. Kg2 Rc8 36. Rh1 Rh4 37. Rhe1 Kg7 38. Rg3 Qe8 39. Ree3 Qd8 40. Rc3 Ne5
41. Qf1 Rb8 42. Ne3 Qe8 43. Qd1 Rb7 44. Nd5 Nf7 45. Rce3 Qe5 46. Re1 Nh6 47.
Qd2 Kf8 48. Ree3 Ke8 49. Qd1 Kd8 50. Nc3 Kc8 51. Ne2 Nxg4 52. Rxg4 Nxf5 53. Qd3
Nxe3+ 0-1